000 00467nam a2200181Ia 4500
001 10909
005 20260306161907.0
008 260306t2013||||xx |||||||||||||| ||spa||
041 _aESP
082 _a980.02
_bA53 T. 2
100 _aChust, Manuel
_eAUT
245 0 _aTiempos de revolución:
_bComprender las independencias iberoamericanas
260 _c2013
300 _a335 pƔginas :
_c23 cm.
650 _aGEN
654 _aCHU
942 _cLIB
_dJUS
_fJUS
_2ddc
_n
999 _c10909
_d10909